Digital electronics: (Record no. 36430)

MARC details
000 -LEADER
fixed length control field 00842nam a22002417a 4500
005 - DATE AND TIME OF LATEST TRANSACTION
control field 20100601105739.0
008 - FIXED-LENGTH DATA ELEMENTS--GENERAL INFORMATION
fixed length control field 100601t xxu||||| |||| 00| 0 eng d
010 ## - LCCN (DPL NO)
LC control number ENG-96221
020 ## - INTERNATIONAL STANDARD BOOK NUMBER
International Standard Book Number 9780070153820
Terms of availability 295.00
020 ## - INTERNATIONAL STANDARD BOOK NUMBER
International Standard Book Number 0070153825
Terms of availability 295.00
035 ## - SYSTEM CONTROL NUMBER
System control number EN-79754
037 ## - SOURCE OF ACQUISITION
Source of stock number/acquisition DBAD/PUB
040 ## - CATALOGING SOURCE
Original cataloging agency DPL
Language of cataloging ENG
082 ## - DEWEY DECIMAL CLASSIFICATION NUMBER
Classification number 621.381
100 ## - MAIN ENTRY--PERSONAL NAME
Personal name Mandal, Soumitra Kumar
245 ## - TITLE STATEMENT
Title Digital electronics:
Remainder of title principles and applications /
Statement of responsibility, etc by Soumitra Kumar Mandal
260 ## - PUBLICATION, DISTRIBUTION, ETC. (IMPRINT)
Place of publication, distribution, etc New Delhi
Name of publisher, distributor, etc Tata McGraw Hil
Date of publication, distribution, etc 2010
270 ## - ADDRESS
Address 7, West Patel Nagar
City New Delhi
Postal code 110008
300 ## - PHYSICAL DESCRIPTION
Extent xiv, 706p. :
Dimensions 24 cm (pbk)
Other physical details ill.
500 ## - GENERAL NOTE
General note includes index
942 ## - ADDED ENTRY ELEMENTS (KOHA)
Source of classification or shelving scheme Dewey Decimal Classification
Item type English Books
Call number suffix MAN
Classification part 621.381
Holdings
Withdrawn status Lost status Source of classification or shelving scheme Materials specified (bound volume or other part) Damaged status Not for loan Collection code Home library Current library Date acquired Source of acquisition Cost, normal purchase price Total Checkouts Full call number Barcode Date last seen Copy number Cost, replacement price Koha item type
    Dewey Decimal Classification Pbk   Not For Loan Non-fiction D.B.Act.Division D.B.Act.Division 10/05/2010 DBAD/PUB 295.00   MAN EN-79754 01/06/2010 1 295.00 English Books

© Delhi Public Library
Hit Counter
free hit counter